000 00395pam a2200157a 44500
008 230515b2001 xxu||||| |||| 00| 0 eng d
020 _aNULL
041 _aENGL
082 _a346.43 GOV.
100 _a"GOVT. OF. MAH.,"
245 _aSOCIETIES REGISTRATION ACT 1860
250 _a0
260 _aMUMBAI
_bCURRENT PUBLICATION
_c2001
300 _a6
650 _a"SOCIAL LAW,SOCIETIES REG ACT"
999 _c533282
_d533282